Amabili resti : [romanzo] /
Guardat en:
| Autor principal: | |
|---|---|
| Altres autors: | |
| Format: | Llibre |
| Idioma: | italià |
| Publicat: |
Milano :
Mondolibri,
[2002?]
|
| Etiquetes: |
Sense etiquetes, Sigues el primer a etiquetar aquest registre!
|
MARC
| LEADER | 00000nam a22000007i 4500 | ||
|---|---|---|---|
| 001 | IT\ICCU\UTO\1391694 | ||
| 003 | ItRI | ||
| 005 | 20240705092345.0 | ||
| 008 | 210430s2002 it |||||| ||||| |||||c | ||
| 040 | |b ita |c CDM | ||
| 041 | 7 | |a ita |2 ISO-639-2 | |
| 100 | 1 | |a Sebold, Alice |0 IT\ICCU\LO1V\249694 | |
| 240 | 1 | 4 | |a The lovely bones |9 Sebold, Alice |
| 245 | 1 | 0 | |a Amabili resti : |b [romanzo] / |c Alice Sebold. |
| 260 | |a Milano : |b Mondolibri, |c [2002?] | ||
| 300 | |a 372 p. ; |c 23 | ||
| 500 | |a Traduzione dall'inglese di Chiara Belliti | ||
| 700 | 1 | |a Belliti, Chiara |0 IT\ICCU\RAVV\082841 |4 trl | |
| 942 | |2 ddc |c BK | ||
| 952 | |0 0 |1 0 |2 ddc |4 0 |6 813_600000000000000_SEB_AMA |7 1 |9 1564 |a RA |b RA |d 2024-07-05 |l 0 |o 813.6 SEB AMA |p 9313 |r 2024-07-05 09:24:53 |w 2024-07-05 |y BK | ||
| 981 | 1 | |6 z01 |a i |b xxxe | |
| 982 | 1 | |6 z01 |a n | |
| 999 | |c 1381 |d 1381 | ||